[Event "Challenge"]
[Site "http://www.queenalice.com/game.php?id=33019"]
[Date "2005.10.13"]
[Round "-"]
[White "claudiofer"]
[Black "ari"]
[Result "1-0"]
[WhiteElo "1205"]
[BlackElo "1500"]

1. e3 e5 2. e4 Nf6 3. Nf3 Nc6 4. d4 Ng4 5. dxe5 Ncxe5 6. h3 Nf6 7. Nxe5 Nxe4 8.
Qf3 Nf6 9. g4 Qe7 10. Bf4 d6 11. Qe2 Be6 12. Nf3 h5 13. g5 Nd5 14. Qb5+ Qd7 15.
Qxb7 Qc8 16. Qc6+ Kd8 17. Bb5 Ne7 18. Qe8# 1-0

[Event "Challenge"]
[Site "http://www.queenalice.com/game.php?id=33283"]
[Date "2005.10.15"]
[Round "-"]
[White "ari"]
[Black "din4"]
[Result "0-1"]
[WhiteElo "1230"]
[BlackElo "1362"]

1. e4 e5 2. Nf3 d6 3. d4 Nc6 4. d5 Nb4 5. Nc3 Bg4 6. Be2 c5 7. dxc6 bxc6 8. h3
Nf6 9. a3 Qa5 10. O-O d5 11. hxg4 Nxg4 12. Ng5 f6 13. Ne6 h5 14. axb4 Qxa1 15.
Nc7+ Kd7 16. Nxa8 d4 17. Bxg4+ Kd8 18. Bxh5 Bxb4 19. Ne2 Rxh5 20. c3 Bd6 21.
cxd4 Ke7 22. Ng3 Rh8 23. Nf5+ Kd7 24. Nxg7 Qa5 25. Qg4+ Kd8 26. Ne6+ Kc8 27. Qg7
Re8 28. Qxf6 Kb7 29. Qf7+ Re7 30. Qg8 exd4 31. Rd1 Qe5 32. Nd8+ Ka6 33. Qc4+ Qb5
0-1

[Event "Invitation"]
[Site "http://www.queenalice.com/game.php?id=33288"]
[Date "2005.10.15"]
[Round "-"]
[White "ari"]
[Black "larxs05"]
[Result "1-0"]
[WhiteElo "1186"]
[BlackElo "1137"]

1. e4 c5 2. Bb5 a6 3. Ba4 b5 4. Bb3 c4 5. Nf3 cxb3 6. d4 bxa2 7. Rxa2 d5 8. Nc3
dxe4 9. Nxe4 Bg4 10. Neg5 h6 11. Ne4 Nf6 12. Nxf6+ exf6 13. O-O Be7 14. Re1 1-0

[Event "Challenge"]
[Site "http://www.queenalice.com/game.php?id=33294"]
[Date "2005.10.15"]
[Round "-"]
[White "ari"]
[Black "hippitro"]
[Result "0-1"]
[WhiteElo "1108"]
[BlackElo "1813"]

1. e4 e5 2. Nf3 Nc6 3. Nc3 Nf6 4. Bb5 Nd4 5. Nxe5 Qe7 6. f4 Nxb5 7. Nxb5 d6 8.
Nc4 Nxe4 9. d3 Ng3+ 10. Kd2 Nxh1 11. Qxh1 g6 12. g3 c6 13. Ncxd6+ Kd7 14. Qe4
Qxe4 15. Nxe4 cxb5 16. Nf6+ Kc6 17. b3 Bg7 0-1

[Event "Challenge"]
[Site "http://www.queenalice.com/game.php?id=33296"]
[Date "2005.10.15"]
[Round "-"]
[White "Jorge"]
[Black "ari"]
[Result "1-0"]
[WhiteElo "1322"]
[BlackElo "1096"]

1. e4 e5 2. Nf3 Nc6 3. c3 Nf6 4. Bd3 Bc5 5. O-O O-O 6. b4 Bb6 7. a4 a5 8. b5 Na7
9. Nxe5 d6 10. Nc4 Ng4 11. h3 Nf6 12. e5 dxe5 13. Nxe5 Re8 14. Nf3 Qxd3 15. Ne1
Re2 16. Nxd3 Ne4 17. Qxe2 1-0

[Event "Challenge"]
[Site "http://www.queenalice.com/game.php?id=37275"]
[Date "2005.11.10"]
[Round "-"]
[White "chaves"]
[Black "ari"]
[Result "0-1"]
[WhiteElo "1350"]
[BlackElo "1218"]

1. e4 d5 2. d4 dxe4 3. Bb5+ c6 4. Bc4 Nf6 5. Nc3 Bf5 6. Be3 Qd6 7. Nh3 Qb4 8. a3
Qxb2 9. Rb1 Qxa3 10. Rxb7 Qxc3+ 11. Kf1 Qxc4+ 12. Qe2 Qe6 13. Bg5 Bxh3 14. gxh3
Qxh3+ 15. Ke1 Qc8 16. Rb3 h6 17. Bxf6 exf6 18. Rg1 f5 19. Kf1 Qe6 20. h4 Bd6 21.
Rxg7 Bh2 22. Kg2 Qf6 23. Rgg3 Bxg3 24. Kxg3 f4+ 25. Kg2 f3+ 26. Qxf3 exf3+ 27.
Kf1 Qxh4 28. Re3+ Kd8 29. Ke1 Qxd4 30. Ra3 Rg8 31. Ra2 Rg1# 0-1

[Event "Challenge"]
[Site "http://www.queenalice.com/game.php?id=37276"]
[Date "2005.11.10"]
[Round "-"]
[White "chaves"]
[Black "ari"]
[Result "1-0"]
[WhiteElo "1317"]
[BlackElo "1247"]

1. e4 c6 2. f3 d5 3. d4 dxe4 4. fxe4 Nd7 5. c3 e5 6. dxe5 Nxe5 7. Nd2 Bg4 8. Be2
Nd3+ 9. Kf1 Qf6+ 10. Ndf3 Nc5 11. b4 Nxe4 12. h3 Ng3+ 13. Kf2 Nxh1+ 14. Ke1
Qxc3+ 15. Qd2 Qxa1 16. Qb2 Qxb2 17. Bxb2 Bxb4+ 18. Kf1 Be6 19. Ng5 Bxa2 20. Bh5
Ng3+ 21. Kf2 Nxh5 22. Bxg7 Nxg7 23. N1f3 Bc5+ 24. Kg3 Bd6+ 25. Kf2 Nf5 26. Ne4
O-O-O 27. Nfg5 Ngh6 28. Nf6 Bc5+ 29. Kf3 Rd2 30. Nge4 b6 31. Nxd2 a5 32. Nde4
Nh4+ 33. Kf4 Nxg2+ 34. Kg5 Be3+ 35. Kh5 Nf4+ 36. Kxh6 Ne6+ 37. Kh5 Ng7+ 38. Kh4
h5 39. Nd6+ Kc7 40. Nde4 Bf4 41. Nc3 1-0

[Event "Challenge"]
[Site "http://www.queenalice.com/game.php?id=37287"]
[Date "2005.11.10"]
[Round "-"]
[White "kenanadu"]
[Black "ari"]
[Result "0-1"]
[WhiteElo "1124"]
[BlackElo "1239"]

1. e3 e5 2. Bc4 Nf6 3. Nf3 d5 4. Bb5+ Bd7 5. Bxd7+ Nbxd7 6. Nc3 Bb4 7. a3 Bxc3
8. bxc3 e4 9. Ng5 O-O 10. f3 h6 11. Nh3 exf3 12. gxf3 Nh5 13. Nf4 Nxf4 14. exf4
Re8+ 15. Kf2 Qh4+ 16. Kf1 Qxf4 17. Kf2 d4 18. cxd4 Qxd4+ 19. Kg2 Qxa1 20. Qg1
Re2+ 21. Kg3 Rae8 22. Qf1 Qe5+ 23. Kh3 Qh5+ 24. Kg3 f5 25. Qh3 f4+ 26. Kxf4 Qxh3
27. c4 Rf8# 0-1

[Event "Challenge"]
[Site "http://www.queenalice.com/game.php?id=37288"]
[Date "2005.11.10"]
[Round "-"]
[White "kenanadu"]
[Black "ari"]
[Result "0-1"]
[WhiteElo "1097"]
[BlackElo "1071"]

1. e3 e5 2. Qf3 Nf6 3. Qe4 Nxe4 4. d3 Nf6 5. Nf3 Nc6 6. Nc3 d5 7. e4 d4 8. h4
dxc3 9. bxc3 Bc5 10. d4 exd4 11. cxd4 Nxd4 12. Nxd4 Qxd4 13. Be3 Qxa1+ 14. Kd2
O-O 15. Bxc5 Nxe4+ 16. Ke3 Nxc5 17. f4 Qc1+ 18. Kf2 Qxc2+ 0-1

[Event "Challenge"]
[Site "http://www.queenalice.com/game.php?id=37332"]
[Date "2005.11.10"]
[Round "-"]
[White "chaves"]
[Black "ari"]
[Result "0-1"]
[WhiteElo "1338"]
[BlackElo "1124"]

1. e4 e5 2. f3 d5 3. exd5 Qxd5 4. Qe2 Nc6 5. Qe4 Nf6 6. Qxd5 Nxd5 7. c4 Ndb4 8.
a3 Nc2+ 9. Ke2 Nxa1 10. d3 Bc5 11. Bg5 O-O 12. Nh3 h6 13. Bd2 Nb3 14. f4 Bg4+
15. Ke1 Rae8 16. Nc3 exf4+ 17. Be2 f3 18. gxf3 Bxh3 19. Nb5 Ncd4 20. Nxc7 Rxe2+
21. Kd1 Rxd2+ 22. Ke1 Nxf3# 0-1

[Event "Challenge"]
[Site "http://www.queenalice.com/game.php?id=39778"]
[Date "2005.11.25"]
[Round "-"]
[White "Albert"]
[Black "ari"]
[Result "1-0"]
[WhiteElo "1875"]
[BlackElo "1247"]

1. d4 c6 2. c4 d5 3. Nd2 Nf6 4. Ngf3 Bg4 5. Qc2 Bxf3 6. Nxf3 e6 7. e3 Nbd7 8.
Bd2 dxc4 9. Qxc4 Nb6 10. Qb3 Bd6 11. Bd3 Qc7 12. Rc1 Ng4 13. h3 Nf6 14. e4 e5
15. dxe5 Bxe5 16. Nxe5 O-O 17. Ng4 Nbd7 18. Nxf6+ Nxf6 19. O-O Rfe8 20. Rce1
Rad8 21. Bg5 Qd6 22. Bb1 1-0

[Event "Challenge"]
[Site "http://www.queenalice.com/game.php?id=39835"]
[Date "2005.11.26"]
[Round "-"]
[White "marcel"]
[Black "ari"]
[Result "1-0"]
[WhiteElo "1165"]
[BlackElo "1264"]

1. e4 e5 2. Qh5 Nc6 3. Bc4 g6 4. Qf3 Nf6 5. Nh3 Bg7 6. O-O d6 7. Ng5 Bh6 8. Nxf7
Nd4 9. Qd3 Qd7 10. Nxh8 Qg7 11. c3 Ne6 12. Qh3 Nf4 13. Qf3 Qxh8 14. d3 Bg4 15.
Qg3 Be2 16. Re1 O-O-O 17. Qh4 Qg7 18. Bxf4 g5 19. Qh3+ Bg4 20. Be6+ Bxe6 21.
Qxe6+ Kb8 22. Nd2 gxf4 23. d4 Rg8 24. Kf1 Qxg2+ 25. Ke2 Ng4 26. Qxg8+ 1-0

[Event "Challenge"]
[Site "http://www.queenalice.com/game.php?id=42588"]
[Date "2005.12.9"]
[Round "-"]
[White "voodoozebra"]
[Black "ari"]
[Result "1-0"]
[WhiteElo "1478"]
[BlackElo "1260"]

1. e4 e5 2. Nf3 Nc6 3. Bc4 Bc5 4. d3 Na5 5. Nxe5 Nxc4 6. Nxc4 Qf6 7. O-O d6 8.
Be3 b5 9. Na5 Bxe3 10. fxe3 Qg6 11. h3 1-0